Decreasing Population of Bulgaria Quiz Stats

 Plays Quiz not verified by Sporcle

Score 0/28 Timer 08:00
0 Plays Today
Countries % Correct
Austria
68%
Niger
64.4%
Sweden
60.4%
Mali
58.2%
Switzerland
57.8%
Chad
57.3%
Zimbabwe
56.4%
Angola
55.6%
Zambia
55.6%
Senegal
53.8%
Yemen
52.9%
Somalia
51.6%
Tunisia
51.6%
Ecuador
50.7%
Countries % Correct
Benin
50.2%
Rwanda
50.2%
Bolivia
49.3%
Burkina Faso
48%
Guinea
46.2%
Malawi
45.8%
Burundi
44.4%
Cambodia
43.6%
Haiti
43.1%
Guatemala
41.8%
Madagascar
41.3%
Cote d'Ivoire
40.4%
Dominican Republic
40.4%
Azerbaijan
38.7%

You're not logged in!

Compare scores with friends on all Sporcle quizzes.
OR
Log In

Show Comments

Extras

Top Quizzes Today


Score Distribution

Your Account Isn't Verified!

In order to create a playlist on Sporcle, you need to verify the email address you used during registration. Go to your Sporcle Settings to finish the process.

Report this User

Report this user for behavior that violates our Community Guidelines.

Details: